|
|
แสดงรายละเอียดบรรณานุกรม |
|
|
Brief Record
: Get Marc (ISO 2709)
: E-mail record
: |
| LEADER 00000nama 2200000uu 4500 | |||
| 008 040531s|||| th m m a000 0 tha d | |||
| 020 974-8907-00-7 | |||
| 041 eng | |||
| 050 Res WC503 P897at 1994 | |||
| 100 prakong Vithayasai. | |||
| 260 Chiang Mai. The Chidren Foundation. 1994. | |||
| 600 I.Vicharm Vithayasai. | |||
| 650 1.Aquired Immunodeficiency Syndrome--Atlas 2.HIV infection--Atlas. | |||
| 995 002 | |||
| คุณยังไม่ได้ล็อกอิน คุณสามารถมีกิจกรรมร่วมกับเว็บไซต์ได้ แต่ต้องล็อกอินก่อน :: |
|
| สถานะ | |||||||||
| 1. | หนังสือทั่วไป | Res WC503 P897at 1994 | On Shelf ขอยืม | ||||||
| [แสดง 1/1 รายการ] | |||||||||
BibComment |
| คอมเมนท์ทรัพยากรรายการนี้ |
|
|